লোডিং...

Bulletin of the Fisheries Research Station Department of Fisheries, Ceylon

গ্রন্থ-পঞ্জীর বিবরন
সংস্থা লেখক: Fisheries Ressearch Station
ভাষা:English
প্রকাশিত: Ceylon Fisheries Ressearch Station
LEADER 00370nam a22001097a 4500
005 20151028162516.0
008 100812t xxu||||| |||| 00| 0 eng d
110 |a Fisheries Ressearch Station  |9 28892 
245 |a Bulletin of the Fisheries Research Station Department of Fisheries, Ceylon  |c (Bound Volumes) 
942 |c BV  |6 _ 
260 |a Ceylon  |b Fisheries Ressearch Station 
999 |c 82123  |d 82123